LEADER 00504nab a2200145 i 4500 001 000000272500 003 CaOOAMICUS 005 20180831164920.0 008 180831n xx uu u0 0und r 013 $a20210 040 $aSeMil$bita 245 10$a[vedi periodico]. 500 $a[Marzo-Aprile 2010 - Supplemento]. 773 0 $aGomez, Peter <1963- >$tPartito dell'amore.$dRoma : Gruppo Editoriale L'Espresso, [copyr. 2010]$z978-88-8371-297-5$w()185826 996 $6245$a[vedi periodico]$9(OLS)http://semarc/title/309439 LEADER 01053nam a2200265 i 4500 001 000000070460 003 CaOOAMICUS 005 20090320000000.0 008 090320s1992 it u000 u ita u 013 $a41632 020 $a88-420-3964-0 040 $aSeMil$bita 100 1 $aRosa, Mario,$d<1932-2022>.$0(OLS)http://semarc/name/21004 245 10$aClero e società nell'Italia contemporanea /$cMario Rosa. 260 $aRoma ; Bari :$bLaterza,$c1992. 300 $a334 p. ;$c21 cm. 490 0 $aStoria e società 650 4$aChiesa - Italia - Clero e società.$0(OLS)http://semarc/subject/9039 830 0$aStoria e società.$0(OLS)http://semarc/title/2818 850 $aSeMil 852 $aSeMil$W1$xVenegono$y1$m3A II 162$j36613$B36613$CSeMilBibl$Z2$F36616 $81 961 $aOmaggio: Bressan don Luca 996 $6020$a88-420-3964-0$9(OLS)http://semarc/number/49224 996 $6245$aClero e società nell'Italia contemporanea$9(OLS)http://semarc/title/113140 996 $6260$aRoma ; Bari :$bLaterza$9(OLS)http://semarc/publisher/30305